Discurso de el Capitán Francisco Draque, que compuso Juan de Castellanos Beneficiado de Tunja 1586-7 / (Record no. 41672)

MARC details
000 -LEADER
campo de control de longitud fija 00649nam a2200181 i 4500
001 - NÚMERO DE CONTROL
campo de control 41672
003 - IDENTIFICADOR DE NÚMERO DE CONTROL
campo de control ES-MaACL
005 - FECHA Y HORA DE LA ÚLTIMA TRANSACCIÓN
campo de control 20230906160454.0
007 - CAMPO FIJO DE DESCRIPCIÓN FÍSICA--INFORMACIÓN GENERAL
campo de control de longitud fija t|
008 - DATOS DE LONGITUD FIJA--INFORMACIÓN GENERAL
campo de control de longitud fija 030311s1921 sp ||||1| spa d
100 1# - ENTRADA PRINCIPAL--NOMBRE DE PERSONA
Nombre de persona Castellanos, Juan de.
9 (RLIN) 36527
245 10 - MENCIÓN DEL TÍTULO
Título Discurso de el Capitán Francisco Draque, que compuso Juan de Castellanos Beneficiado de Tunja 1586-7 /
Mención de responsabilidad, etc. Juan de Castellanos ; [prólogo de Angel González Palencia].
260 ## - PUBLICACIÓN, DISTRIBUCIÓN, ETC.
Lugar de publicación, distribución, etc. Madrid :
Nombre del editor, distribuidor, etc. [Estanislao Maestre],
Fecha de publicación, distribución, etc. 1921.
300 ## - DESCRIPCIÓN FÍSICA
Extensión CXVII, 384 p. ;
Dimensiones 23 cm.
700 1# - ENTRADA AGREGADA--NOMBRE PERSONAL
Nombre de persona González Palencia, Ángel,
Fechas asociadas al nombre 1889-1949
9 (RLIN) 58854
852 ## - LOCALIZACIÓN
Ubicación ES-MaACL
Número de control de estantería C-1169
Holdings
Estatus retirado Estado de pérdida Estado de daño No para préstamo Biblioteca de origen Biblioteca actual Ubicación en estantería Fecha de adquisición Fuente de adquisición Total de préstamos Signatura topográfica completa Código de barras Visto por última vez Precio de reemplazo Tipo de ítem Koha
        Biblioteca del Ateneo de Madrid Biblioteca del Ateneo de Madrid Sala Palomar 17/01/2008     C-1169 1043868 23/02/2023 23/02/2023 Libro impreso